<?xml version="1.0" encoding="UTF-8"?>
<collection xmlns="http://www.loc.gov/MARC21/slim">
 <record>
  <leader>00460pamaa2200157   4500</leader>
  <controlfield tag="001">0000021861</controlfield>
  <controlfield tag="005">20070115090000.0</controlfield>
  <datafield tag="020" ind1="0" ind2="0">
   <subfield code="a">1871438195 </subfield>
  </datafield>
  <datafield tag="090" ind1="0" ind2="0">
   <subfield code="a">PL3509.S14 </subfield>
   <subfield code="b">SKO 1993</subfield>
  </datafield>
  <datafield tag="245" ind1="0" ind2="0">
   <subfield code="a">SKOOB Pacifica anthology No. 1 : </subfield>
   <subfield code="b">S.E. Asia writers back!  </subfield>
   <subfield code="c">edited by C.Y. Loh and I.K. Ong.</subfield>
  </datafield>
  <datafield tag="260" ind1="0" ind2="0">
   <subfield code="a">London: </subfield>
   <subfield code="b">Skoob Books Pub., </subfield>
   <subfield code="c">1993.</subfield>
  </datafield>
  <datafield tag="300" ind1=" " ind2=" ">
   <subfield code="a">xii, 418p.; </subfield>
   <subfield code="c">19cm.</subfield>
  </datafield>
  <datafield tag="440" ind1="0" ind2="0">
   <subfield code="a">Skoob Pacifica series</subfield>
  </datafield>
  <datafield tag="650" ind1="0" ind2="0">
   <subfield code="a">Fiction </subfield>
  </datafield>
  <datafield tag="700" ind1="1" ind2="1">
   <subfield code="a">Loh C. Y. </subfield>
  </datafield>
  <datafield tag="700" ind1="1" ind2="1">
   <subfield code="a">Ong I. K. </subfield>
  </datafield>
 </record>
</collection>
